• 首页
  • 本馆介绍
  • 公告通知
  • 最新文献
  • 馆藏检索
  • 电子资源
  • 读者导购
  • 参考咨询
  • 我的图书馆
  • 登录
  • 详细信息显示
  • 放入我的书架
  • 预约/预借图书
  • 作者相关作品
  • 分类相关作品
  • 丛书相关作品
  • 出版社相关作品

书目信息

  • 表格格式
  • 工作单格式
  • 卡片格式
题名:
时代楷模
    
 
作者: 中共中央宣传部宣传教育局 编
分册:  
出版信息: 北京   学习出版社  2019.4
页数: 162页
开本: 24cm
丛书名:
单 册:
中图分类: K826.16
科图分类:
主题词: 造船工业--先进工作者--先进事迹--中国--现代
电子资源:
ISBN: 978-7-5147-0893-6
000 01160nam0 2200229 45
001 012001006618
005 20131017105627.0
010    @a978-7-5147-0893-6@dCNY36.00
100    @a20190508d2019 em y0chiy0110 ea
101 0  @achi
102    @aCN@b110000
105    @ay z 000yy
106    @ar
200 1  @a时代楷模@9shi dai kai mo@f中共中央宣传部宣传教育局编
210    @a北京@c学习出版社@d2019.4
215    @a162页@d24cm
330    @a2018年8月20日,第18号台风“温比亚”过境辽宁省大连市,受其影响,停靠在中船重工第七六〇研究所的国家某重点试验平台出现重大险情。在危急紧要关头,第七六○研究所党委委员、副所长黄群等17名同志,面对台风和巨浪,挺身而出、英勇无惧,对试验平台进行加固作业。作业过程中,黄群、宋月才、姜开斌被巨浪卷入海中,英勇牺牲。本书收录了人民日报、新华社及央视等媒体的报道评论、视频节目,通过图文并茂、链接网络媒体的方式,多侧面地呈现了中船重工第七六〇研究所抗灾抢险英雄群体的崇高形象
606 0  @a造船工业@x先进工作者@x先进事迹@y中国@z现代
690    @aK826.16@v5
701  0 @a中共中央宣传部宣传教育局@9zhong gong zhong yang xuan chuan bu xuan chuan jiao yu ju@4编
801  2 @aCN@b上海新华@c20191020
905    @b1175001-4@dK826.16@e108@f4
    
    时代楷模/中共中央宣传部宣传教育局编.-北京:学习出版社,2019.4
    162页;24cm
    
    
    ISBN 978-7-5147-0893-6:CNY36.00
    2018年8月20日,第18号台风“温比亚”过境辽宁省大连市,受其影响,停靠在中船重工第七六〇研究所的国家某重点试验平台出现重大险情。在危急紧要关头,第七六○研究所党委委员、副所长黄群等17名同志,面对台风和巨浪,挺身而出、英勇无惧,对试验平台进行加固作业。作业过程中,黄群、宋月才、姜开斌被巨浪卷入海中,英勇牺牲。本书收录了人民日报、新华社及央视等媒体的报道评论、视频节目,通过图文并茂、链接网络媒体的方式,多侧面地呈现了中船重工第七六〇研究所抗灾抢险英雄群体的崇高形象
●
相关链接 在E读中查询图书 在五车中查询图书 在当当中查询图书 在豆瓣中查询图书


正题名:时代楷模     索取号:K826.16/108         预约/预借

序号 登录号 条形码 馆藏地/架位号 状态 备注
1 1175001   211750014   第二样本阅览室/ [索取号:K826.16/108] 在馆    
2 1175002   211750023   第二借阅区/ [索取号:K826.16/108] 在馆    
3 1175003   211750032   第二借阅区/ [索取号:K826.16/108] 在馆    
4 1175004   211750041   第二借阅区/ [索取号:K826.16/108] 在馆    
唐山师范学院图书馆 欢迎您!
大连网信软件有限公司© 版权所有